[Event "Steyr Landesliga 1213"]
[Site "Austria"]
[Date "2012.12.01"]
[Round "5.8"]
[White "Poelsler, Ingolf"]
[Black "Kainz, Mathias"]
[Result "1-0"]
[WhiteElo "1873"]
[BlackElo "1012"]
[PlyCount "45"]
[EventDate "2012.09.22"]
[EventType "team-tourn"]
[EventRounds "11"]
[EventCountry "AUT"]
[SourceTitle "EXT 2014"]
[Source "ChessBase"]
[SourceDate "2013.11.20"]
[SourceVersion "1"]
[SourceVersionDate "2013.11.20"]
[SourceQuality "1"]
[WhiteTeam "Liezen Admont"]
[BlackTeam "Graz Strassenbahn"]
[WhiteTeamCountry "AUT"]
[BlackTeamCountry "AUT"]

1. d4 d5 2. c4 Nc6 3. Nf3 e6 4. e3 Nf6 5. Bd3 g6 6. 0-0 b6 7. cxd5 Nxd5 8. Bb5 Bd7 9. e4 Nf6 10. Nc3 a6 11. Ba4 b5 12. Bc2 Bd6 13. e5 Ng4 14. exd6 cxd6 15. h3 Nf6 16. Bg5 b4 17. Ne4 0-0 18. Nxf6+ Kh8 19. Nxd7 Qxd7 20. Bf6+ Kg8 21. Qd2 Rab8 22. Qh6 e5 23. Qg7# 1-0